000 00363nam a2200133Ia 4500
008 151001s9999||||xx |||||||||||||| ||und||
100 _aRobin Sharma
245 _aFamily Wisdom fom the monk who sold his ferrari
250 _a1
260 _bJaico pub.house
260 _c2005
300 _a198
365 _b21
999 _c985906
_d985903